000 00589nam a2200193Ia 4500
003 OSt
005 20250715112400.0
008 210210b1985 xxu||||| |||| 00| 0 eng d
040 _cAL
041 _akan
082 _aK894.301 RAMM
100 _aRAMACHANDRA DEVA
_9166593
_dರಾಮಚಂದ್ರ ದೇವ
245 _aMugela mattu itara kategalu:
_bಮುಗೆಲ ಮತ್ತು ಇತರ ಕತೆಗಳು
260 _aBengaluru
_bChairade Prakashana
_c1985
300 _a86
650 _aSanna Kathegalu Sanna Kathe
_9166594
690 _aKannada
_9166595
942 _2ddc
_cBK
999 _c100097
_d100097